000 00411nam a2200169 i 4500
001 bg
100 1 _aWALCZAK, Krzysztof
245 0 _aProgramowanie systemów baz danych. Język Clipper /
_cK. Walczak.
260 _aWarszawa,
_c1991.
650 9 _aClipper
650 9 _aBaza danych
655 _aPodręczniki
040 _cBPK
041 _apol
942 _cKS
008 s pl f |000 0 pol
999 _c4525
_d4525
856 _uhttp://koha.tu.koszalin.pl/cgi-bin/koha/opac-detail.pl?biblionumber=4525
_yKatalog online BPK